000 00623nam a2200193Ia 4500
003 GCL
008 140319s9999 xx 000 0 ara d
040 _aGCL /
_cGCL
082 0 4 _a891.7
_bج م
100 1 _aجوركى، ماكسيم
245 1 0 _aمخلوقات كانت رجالا (هدية من الاديب عبدالفتاح الجمل) /
_cجوركى، ماكسيم
700 1 _aسعد توفيق
300 _a131 ص
490 _aالهيئة العامة للاستعلامات
_v0
650 0 4 _aالادب
650 0 4 _aالادب الروسى
650 0 4 _aالادب السوفيتى
942 _2ddc
_cBK
999 _c47483
_d47483